书目信息 |
| 题名: |
测度论(英)
|
|
| 作者: | Paul R.Halmos 著 | |
| 分册: | ||
| 出版信息: | 北京 世界图书出版公司 1974 |
|
| 页数: | 304页 | |
| 开本: | 20cm | |
| 丛书名: | ||
| 单 册: | ||
| 中图分类: | O174.12 | |
| 科图分类: | ||
| 主题词: | 数学分析 | |
| 电子资源: | ||
| ISBN: | 7-5062-0048-1 | |
| 000 | 00503nam0 2200181 450 | |
| 001 | 0732828906 | |
| 005 | 20070903090708.90 | |
| 010 | @a7-5062-0048-1@d¥10.60 | |
| 100 | @a20070903d km y0chiy0120 ea | |
| 101 | 0 | @achi |
| 200 | 1 | @a测度论(英)@Ace du lun(ying)@fPaul R.Halmos著@FPaul R.Halmos zhu |
| 210 | @a北京@c世界图书出版公司@d1974 | |
| 215 | @a304页@d20cm | |
| 606 | 0 | @a数学分析 |
| 690 | @aO174.12@v3 | |
| 701 | 0 | @aPaul R.Halmos@4著 |
| 801 | 0 | @aCN@bPFT@c20070903 |
| 905 | @a213230@dO174.12@eS1@f1 | |
| 测度论(英)/Paul R.Halmos著.-北京:世界图书出版公司,1974 |
| 304页;20cm |
| ISBN 7-5062-0048-1:¥10.60 |
| ● |
| 相关链接 |
|
|
|
|
正题名:测度论(英)
索取号:O174.12/S1
 
预约/预借
| 序号 | 登录号 | 条形码 | 馆藏地/架位号 | 状态 | 备注 |
| 1 | 6704237 | 267042372 | 密集书库-数信学院/ [索取号:O174.12/S1] | 在馆 |